|
|
|
|
| LEADER |
01333nam a2200301 a 4500 |
| 001 |
GR-MES3953 |
| 008 |
991111s1994 gr 000 0 gre d |
| 020 |
|
|
|a 9607306953
|
| 040 |
|
|
|a GrPaTEI
|b gre
|c GR-PaULI
|
| 245 |
0 |
0 |
|a Πολιτική προγραμματισμού των υποδομών.
|
| 260 |
|
|
|a Αθήνα :
|b Σταμούλης Α,
|c 1994
|
| 300 |
|
|
|a 282σελ. :
|b πιν.,σχημ.
|
| 500 |
|
|
|a Περιέχει βιβλιογραφία
|
| 650 |
|
4 |
|a ΕΝΕΡΓΕΙΑ
|
| 650 |
|
4 |
|a ΕΡΓΑ
|
| 650 |
|
4 |
|a Ευρώπη
|
| 650 |
|
4 |
|a ΜΕΤΑΦΟΡΕΣ
|
| 650 |
|
4 |
|a Οικονομία
|
| 650 |
|
4 |
|a Πολιτική οικονομία
|
| 650 |
|
4 |
|a Προγραμματισμός
|
| 650 |
|
4 |
|a Τηλεπικοινωνίες
|
| 650 |
|
4 |
|a Υδρευση
|
| 700 |
1 |
|
|a Σκάγιαννης, Παντολέων Δ.
|
| 942 |
|
|
|2 ddc
|
| 952 |
|
|
|0 0
|1 0
|2 ddc
|4 0
|6 347_016000000000000_ΣΚΑ
|7 0
|9 268582
|a MSLG
|b MSLG
|c BSC
|d 2021-01-17
|e 24
|f 0
|g 0.00
|l 0
|o 347.016 ΣΚΑ
|p 2420000005206
|r 2021-01-17 00:00:00
|t 1
|w 2021-01-17
|y BK15
|x 19991111 0 1
|x GrPaTEI
|
| 952 |
|
|
|0 0
|1 0
|2 ddc
|4 0
|6 347_016000000000000_ΣΚΑ
|7 0
|9 268583
|a MSLG
|b MSLG
|c BSC
|d 2021-01-17
|e 24
|f 0
|g 0.00
|l 0
|o 347.016 ΣΚΑ
|p 2420000018146
|r 2021-01-17 00:00:00
|t 1
|w 2021-01-17
|y BK15
|x 20000309 0 1
|x GrPaTEI
|
| 971 |
|
|
|a .b25749997
|b 16-04-20
|c 13-09-16
|
| 999 |
|
|
|c 154778
|d 154778
|